[Event "Ste-Foy 5 2024-25"]
[Site "Quebec CAN"]
[Date "2025.04.07"]
[Round "5"]
[White "Savard, Alexandre"]
[Black "Dionne, Frederick"]
[Result "1-0"]
[WhiteElo "1812"]
[BlackElo "1354"]
[WhiteFideId "-1"]
[WhiteFideId "-1"]
[PlyCount "45"]
[GameId "2178586519576719"]
[EventDate "2025.04.07"]
[EventType "swiss"]
[EventRounds "5"]
[EventCountry "CAN"]

1. d4 e5 2. dxe5 d6 3. exd6 Bxd6 4. Nc3 Nc6 5. e4 Nf6 6. Nf3 Qe7 7. Bd3 Bg4 8. h3 Bh5 9. O-O Ne5 10. Be2 O-O-O 11. Nd5 Nxf3+ 12. Bxf3 Qe5 13. Bf4 Qxb2 14. Bxd6 Bxf3 15. Ne7+ Kb8 16. Bxc7+ Kxc7 17. Qxf3 Qe5 18. Nf5 Nxe4 19. Rfe1 Rhe8 20. Rab1 g6 21. Nh6 Nd2 22. Qxb7+ Kd6 23. Nxf7+ 1-0

[Event "Ste-Foy 5 2024-25"]
[Site "Quebec CAN"]
[Date "2025.04.07"]
[Round "5"]
[White "Soubeyrand, Maxence"]
[Black "Poitras, Marc"]
[Result "1-0"]
[WhiteElo "1109"]
[BlackElo "1351"]
[WhiteFideId "-1"]
[WhiteFideId "-1"]
[PlyCount "47"]
[GameId "2178586519707794"]
[EventDate "2025.04.07"]
[EventType "swiss"]
[EventRounds "5"]
[EventCountry "CAN"]

1. d4 d6 2. e4 Nf6 3. Nc3 g6 4. Nf3 Bg7 5. Bg5 O-O 6. Bc4 c6 7. Bxf6 Bxf6 8. e5 dxe5 9. dxe5 Bg7 10. O-O Bg4 11. Qe2 Bxf3 12. Qxf3 Bxe5 13. Rfe1 Nd7 14. Rad1 Qc7 15. Rxd7 Bxh2+ 16. Kh1 Qxd7 17. Kxh2 e6 18. Ne4 f5 19. Ng5 Rf6 20. Bxe6+ Rxe6 21. Rxe6 h6 22. Rxg6+ Kf8 23. Qa3+ Ke8 24. Rg8# 1-0

[Event "Ste-Foy 5 2024-25"]
[Site "Quebec CAN"]
[Date "2025.04.07"]
[Round "5"]
[White "Soucy, Mathieu"]
[Black "Wafer, Jacques"]
[Result "1-0"]
[WhiteElo "1270"]
[BlackElo "1402"]
[WhiteFideId "-1"]
[WhiteFideId "-1"]
[PlyCount "47"]
[GameId "2178586519707793"]
[EventDate "2025.04.07"]
[EventType "swiss"]
[EventRounds "5"]
[EventCountry "CAN"]

1. e4 e5 2. Nf3 Nf6 3. d4 exd4 4. Bc4 Bb4+ 5. c3 dxc3 6. bxc3 Bc5 7. e5 Ng4 8. Bxf7+ Kf8 9. O-O Qe7 10. Bc4 h6 11. h3 Nxf2 12. Rxf2 Bxf2+ 13. Kxf2 Qc5+ 14. Qd4 Qxd4+ 15. cxd4 Ke7 16. Nc3 c6 17. Ba3+ Kd8 18. Ne4 b5 19. Nd6 bxc4 20. Nf7+ Kc7 21. Nxh8 Ba6 22. Nf7 Bb5 23. Bd6+ Kb6 24. a4 1-0

[Event "Ste-Foy 5 2024-25"]
[Site "Quebec CAN"]
[Date "2025.04.07"]
[Round "5"]
[White "Tremblay, Noah"]
[Black "Blais, Pierre-Luc"]
[Result "1-0"]
[WhiteElo "1646"]
[BlackElo "1497"]
[WhiteFideId "-1"]
[WhiteFideId "-1"]
[PlyCount "57"]
[GameId "2178586519576718"]
[EventDate "2025.04.07"]
[EventType "swiss"]
[EventRounds "5"]
[EventCountry "CAN"]

1. e4 c6 2. d4 d5 3. f3 dxe4 4. fxe4 e5 5. Nf3 exd4 6. Bc4 Be7 7. O-O Nf6 8. Ng5 O-O 9. Nxf7 Rxf7 10. Bxf7+ Kxf7 11. e5 Kg8 12. exf6 Bxf6 13. Nd2 b6 14. Qf3 Bb7 15. Ne4 Be7 16. Qf7+ Kh8 17. Bg5 Nd7 18. Bxe7 Qe8 19. Qxe8+ Rxe8 20. Nd6 Rxe7 21. Nxb7 Kg8 22. Rae1 Rxe1 23. Rxe1 Kf7 24. Nd6+ Kf6 25. Ne8+ Kf7 26. Nxg7 Nf6 27. Nf5 c5 28. Re7+ Kg6 29. Nd6 1-0

[Event "Ste-Foy 5 2024-25"]
[Site "Quebec CAN"]
[Date "2025.05.12"]
[Round "5"]
[White "Laurendeau, Alfred"]
[Black "Dussault, Michael"]
[Result "1-0"]
[WhiteElo "1533"]
[BlackElo "1318"]
[WhiteFideId "-1"]
[WhiteFideId "-1"]
[PlyCount "119"]
[GameId "2178586519576717"]
[EventDate "2025.04.07"]
[EventType "swiss"]
[EventRounds "5"]
[EventCountry "CAN"]
[TimeControl "5400+30"]

1. Nf3 d5 2. g3 Bf5 3. Bg2 Nf6 4. O-O e6 5. c4 Bd6 6. Nc3 c6 7. d4 dxc4 8. a4 Nbd7 9. a5 a6 10. Nd2 O-O 11. e4 Bg4 12. f3 Bh5 13. e5 Nxe5 14. dxe5 Bxe5 15. Nxc4 Bd4+ 16. Kh1 c5 17. Bg5 Qc7 18. g4 Bg6 19. f4 h6 20. Bh4 Rad8 21. Qa4 Bd3 22. Rfd1 Bxc4 23. Qxc4 Qxf4 24. Bxf6 gxf6 25. Ne2 Qxg4 26. Nxd4 Rd7 27. Qe2 Rxd4 28. Qxg4+ Rxg4 29. Bxb7 Rb8 30. Bxa6 Rxb2 31. Bc8 Kf8 32. Rg1 Rd4 33. a6 Rdd2 34. Rg3 Rxh2+ 35. Kg1 Ra2 36. Rxa2 Rxa2 37. Rg2 Ra3 38. Rc2 Ra5 39. Rb2 c4 40. Rc2 Ra4 41. Kf2 f5 42. Ke3 Kg7 43. Kd4 Kf6 44. Rxc4 e5+ 45. Kc5 Ra5+ 46. Kb6 Ra1 47. Rc6+ Kg5 48. a7 f4 49. Bb7 f3 50. a8=Q Rxa8 51. Bxa8 e4 52. Rc1 f5 53. Kc5 Kf4 54. Kd4 e3 55. Rf1 f2 56. Kd3 h5 57. Ke2 h4 58. Bb7 h3 59. Bc6 h2 60. Bh1 1-0

[Event "Ste-Foy 5 2024-25"]
[Site "Quebec CAN"]
[Date "2025.05.12"]
[Round "5"]
[White "Lebel, Michel"]
[Black "Pepin, Pierre-Luc"]
[Result "0-1"]
[WhiteElo "1025"]
[BlackElo "1010"]
[WhiteFideId "-1"]
[WhiteFideId "-1"]
[PlyCount "24"]
[GameId "2178586519576715"]
[EventDate "2025.04.07"]
[EventType "swiss"]
[EventRounds "5"]
[EventCountry "CAN"]
[TimeControl "5400+30"]

1. e4 e6 2. Nf3 d5 3. e5 c5 4. d4 Nc6 5. Bb5 Bd7 6. O-O cxd4 7. Nxd4 Nxe5 8. Re1 Nc6 9. Nc3 Nxd4 10. Qxd4 Bxb5 11. Nxb5 Qa5 12. a4 Qxe1# 0-1

[Event "Ste-Foy 5 2024-25"]
[Site "Quebec CAN"]
[Date "2025.05.12"]
[Round "5"]
[White "Lizotte, Olivier"]
[Black "Miranda, Carlos"]
[Result "0-1"]
[WhiteElo "1200"]
[BlackElo "1325"]
[WhiteFideId "-1"]
[WhiteFideId "-1"]
[PlyCount "76"]
[GameId "2178586519576716"]
[EventDate "2025.04.07"]
[EventType "swiss"]
[EventRounds "5"]
[EventCountry "CAN"]
[TimeControl "5400+30"]

1. d4 d5 2. c4 e6 3. a3 a5 4. Nc3 Nf6 5. Nf3 b6 6. cxd5 Nxd5 7. e4 Nxc3 8. bxc3 Bb7 9. Bd3 c5 10. Be3 Be7 11. Ne5 Nc6 12. Bb5 Qc7 13. Qf3 O-O 14. Nxc6 Bxc6 15. a4 Bxb5 16. axb5 cxd4 17. Bxd4 e5 18. Qg3 Bd6 19. O-O exd4 20. Qd3 dxc3 21. Rac1 Bb4 22. g3 Rfd8 23. Qf3 Rd2 24. e5 Rad8 25. e6 fxe6 26. Rfe1 Qd7 27. Rxc3 Bxc3 28. Qxc3 Rd1 29. Rxd1 Qxd1+ 30. Kg2 Qd5+ 31. Kg1 Qxb5 32. Qc2 a4 33. Qa2 Qb3 34. Qe2 a3 35. h3 a2 36. Qe5 Qb1+ 37. Kh2 a1=Q 38. Qxa1 Qxa1 0-1

[Event "Ste-Foy 6 2024-25"]
[Site "Ste-Foy CAN"]
[Date "2025.07.07"]
[Round "1"]
[White "Auger, Bertrand"]
[Black "Soubeyrand, Maxence"]
[Result "1-0"]
[WhiteElo "1843"]
[BlackElo "1206"]
[WhiteFideId "-1"]
[WhiteFideId "-1"]
[PlyCount "89"]
[GameId "2197727418763404"]
[EventDate "2025.07.07"]
[EventType "swiss"]
[EventRounds "5"]
[EventCountry "CAN"]
[TimeControl "5400+30"]

1. Nf3 d5 2. g3 Nf6 3. Bg2 g6 4. b4 Bg7 5. Bb2 O-O 6. d3 Bg4 7. Nbd2 Nbd7 8. O-O c6 9. c4 Nb6 10. c5 Nbd7 11. Qc2 Re8 12. e4 dxe4 13. dxe4 e5 14. Nc4 Bxf3 15. Bxf3 Qc7 16. Nd6 Red8 17. Be2 Ne8 18. Rad1 Nxd6 19. Rxd6 Bf8 20. Rd2 Bh6 21. f4 Re8 22. Rd6 Bf8 23. Rdd1 Bg7 24. Bc4 Rad8 25. Bb3 Nf8 26. Rxd8 Rxd8 27. f5 b6 28. fxg6 hxg6 29. Rxf7 Qxf7 30. Bxf7+ Kxf7 31. cxb6 axb6 32. Qf2+ Kg8 33. Qc2 Ne6 34. Qb3 Kf7 35. Bc1 Ke7 36. h4 Bf6 37. Be3 Nd4 38. Qa4 b5 39. Qa7+ Rd7 40. Qc5+ Ke6 41. Bxd4 exd4 42. Qxc6+ Rd6 43. Qe8+ Be7 44. Qxg6+ Ke5 45. Qf5# 1-0

[Event "Ste-Foy 6 2024-25"]
[Site "Ste-Foy CAN"]
[Date "2025.07.07"]
[Round "1"]
[White "Barrera, Eduardo"]
[Black "Yergeau, Samuel"]
[Result "1-0"]
[WhiteElo "1901"]
[BlackElo "1376"]
[WhiteFideId "-1"]
[WhiteFideId "-1"]
[PlyCount "67"]
[GameId "2197725824033437"]
[EventDate "2025.07.07"]
[EventType "swiss"]
[EventRounds "5"]
[EventCountry "CAN"]

1. e4 e5 2. Nf3 Nc6 3. Bc4 Bc5 4. c3 Nf6 5. d3 d6 6. O-O Na5 7. Bb5+ c6 8. Ba4 b5 9. Bc2 Nb7 10. Re1 Bg4 11. Nbd2 O-O 12. Nf1 d5 13. Ng3 dxe4 14. Nxe4 Bb6 15. Bg5 Re8 16. Qe2 Nc5 17. Nxf6+ gxf6 18. Bh6 Re6 19. Rad1 f5 20. Be3 Qc7 21. b4 e4 22. bxc5 exf3 23. gxf3 Bh3 24. Kh1 Bxc5 25. Rg1+ Kh8 26. Bb3 Re7 27. Qd2 Bd6 28. f4 Bg4 29. Bd4+ Kg8 30. f3 Bxf4 31. Qf2 h5 32. fxg4 hxg4 33. Rdf1 c5 34. Qxf4 1-0

[Event "Ste-Foy 6 2024-25"]
[Site "Ste-Foy CAN"]
[Date "2025.07.07"]
[Round "1"]
[White "Bergeron, Cedric"]
[Black "Dube, Dominic"]
[Result "0-1"]
[WhiteElo "1169"]
[BlackElo "1742"]
[WhiteFideId "-1"]
[WhiteFideId "-1"]
[PlyCount "104"]
[GameId "2197727663474864"]
[EventDate "2025.07.07"]
[EventType "swiss"]
[EventRounds "5"]
[EventCountry "CAN"]
[TimeControl "5400+30"]

1. e4 c6 2. d4 d5 3. e5 c5 4. c3 Nc6 5. Nf3 Bg4 6. Bb5 Qb6 7. Be2 e6 8. O-O Bxf3 9. Bxf3 cxd4 10. Qa4 dxc3 11. Nxc3 Bc5 12. a3 Nge7 13. b4 Bd4 14. Bb2 O-O 15. Rac1 Nxe5 16. Be2 Rfc8 17. b5 N7g6 18. Nxd5 Bxf2+ 19. Rxf2 exd5 20. Rcf1 f6 21. Qb3 Nc4 22. Kh1 Nxb2 23. Qxb2 d4 24. Qb3+ Kh8 25. Bc4 Ne5 26. Rc2 Rc5 27. Rfc1 Rac8 28. a4 Nxc4 29. Rxc4 Rxc4 30. Rxc4 Rxc4 31. Qxc4 Qd8 32. Qd3 Qd6 33. Kg1 Qf4 34. Qc4 Qe3+ 35. Kf1 Qf4+ 36. Kg1 h5 37. Qc8+ Kh7 38. Qxb7 Qe3+ 39. Kf1 d3 40. Qf3 Qc1+ 41. Kf2 Qc5+ 42. Qe3 Qc2+ 43. Ke1 Qc3+ 44. Qd2 Qe5+ 45. Kd1 Qa1+ 46. Qc1 Qxa4+ 47. Ke1 Qxb5 48. Kd2 Qg5+ 49. Kd1 Qxc1+ 50. Kxc1 Kg6 51. Kd2 Kf5 52. Kxd3 Kf4 0-1

[Event "Ste-Foy 6 2024-25"]
[Site "Ste-Foy CAN"]
[Date "2025.07.07"]
[Round "1"]
[White "Berube, Antoine"]
[Black "Houde, Louis-Thomas"]
[Result "1-0"]
[WhiteElo "2172"]
[BlackElo "1421"]
[WhiteFideId "-1"]
[WhiteFideId "-1"]
[PlyCount "51"]
[GameId "2197725823984284"]
[EventDate "2025.07.07"]
[EventType "swiss"]
[EventRounds "5"]
[EventCountry "CAN"]

1. c4 c6 2. Nf3 Nf6 3. Nc3 d5 4. e3 Bg4 5. Qb3 Qb6 6. Ne5 Qxb3 7. axb3 e6 8. Nxg4 Nxg4 9. d4 Bb4 10. f3 Nf6 11. Kf2 Nbd7 12. c5 O-O 13. Na2 Ba5 14. b4 Bc7 15. b5 Nb8 16. Nc3 Nbd7 17. b4 e5 18. bxc6 bxc6 19. b5 Nb8 20. b6 Nbd7 21. bxc7 Rfc8 22. Ba6 Rxc7 23. Bd2 e4 24. Rhb1 Rb8 25. Na4 Nf8 26. Rxb8 1-0

[Event "Ste-Foy 6 2024-25"]
[Site "Ste-Foy CAN"]
[Date "2025.07.07"]
[Round "1"]
[White "Cantin, Guillaume"]
[Black "Sauve, Richard"]
[Result "0-1"]
[WhiteElo "1246"]
[BlackElo "1860"]
[WhiteFideId "-1"]
[WhiteFideId "-1"]
[PlyCount "46"]
[GameId "2197725824103072"]
[EventDate "2025.07.07"]
[EventType "swiss"]
[EventRounds "5"]
[EventCountry "CAN"]

1. d4 d5 2. c4 e6 3. Nf3 Nf6 4. e3 Be7 5. Bd3 dxc4 6. Bxc4 O-O 7. O-O Nbd7 8. Nc3 b6 9. Bd3 Bb7 10. e4 c5 11. Be3 cxd4 12. Bxd4 Nc5 13. Bxc5 Bxc5 14. Qc2 h6 15. Rad1 Qe7 16. h3 Rac8 17. Rd2 Bb4 18. Rfd1 Rc7 19. e5 Nd5 20. Nxd5 Bxd5 21. Qb1 Bxd2 22. Rxd2 Bxf3 23. gxf3 Qg5+ 0-1

[Event "Ste-Foy 6 2024-25"]
[Site "Ste-Foy CAN"]
[Date "2025.07.07"]
[Round "1"]
[White "Deschenes, Andre-Philippe"]
[Black "Genest, Jean-Philippe"]
[Result "0-1"]
[WhiteElo "1145"]
[BlackElo "1638"]
[WhiteFideId "-1"]
[WhiteFideId "-1"]
[PlyCount "34"]
[GameId "2197727862388936"]
[EventDate "2025.07.07"]
[EventType "swiss"]
[EventRounds "5"]
[EventCountry "CAN"]
[TimeControl "5400+30"]

1. d4 Nf6 2. Nf3 g6 3. e3 Bg7 4. Bd3 d5 5. O-O O-O 6. b3 c5 7. Bb2 cxd4 8. exd4 Nc6 9. a3 Be6 10. Nbd2 h6 11. Ne5 Rc8 12. f4 Qb6 13. Ndf3 Bg4 14. c3 Rfd8 15. h3 Bxf3 16. Rxf3 e6 17. Qc2 Nxd4 0-1

[Event "Ste-Foy 6 2024-25"]
[Site "Ste-Foy CAN"]
[Date "2025.07.07"]
[Round "1"]
[White "Laurendeau, Alfred"]
[Black "Lebel, Michel"]
[Result "1-0"]
[WhiteElo "1500"]
[BlackElo "1009"]
[WhiteFideId "-1"]
[WhiteFideId "-1"]
[PlyCount "35"]
[GameId "2197728152955116"]
[EventDate "2025.07.07"]
[EventType "swiss"]
[EventRounds "5"]
[EventCountry "CAN"]
[TimeControl "5400+30"]

1. Nf3 e6 2. g3 d5 3. Bg2 Nf6 4. O-O Nc6 5. d4 Bd7 6. c4 dxc4 7. Na3 Bxa3 8. bxa3 Qe7 9. Rb1 O-O-O 10. Qc2 Na5 11. Bd2 Qxa3 12. Bxa5 Qxa5 13. Ne5 Bc6 14. Bxc6 bxc6 15. Rb8+ Kxb8 16. Nxc6+ Ka8 17. Nxa5 Rxd4 18. Qb2 1-0

[Event "Ste-Foy 6 2024-25"]
[Site "Ste-Foy CAN"]
[Date "2025.07.07"]
[Round "1"]
[White "Miranda, Carlos"]
[Black "Page Fortin, Mathieu"]
[Result "0-1"]
[WhiteElo "1372"]
[BlackElo "1940"]
[WhiteFideId "-1"]
[WhiteFideId "-1"]
[PlyCount "64"]
[GameId "2197725824074398"]
[EventDate "2025.07.07"]
[EventType "swiss"]
[EventRounds "5"]
[EventCountry "CAN"]

1. d4 e6 2. Nf3 f5 3. Bf4 Nf6 4. e3 b6 5. Bd3 Bb7 6. Nbd2 Be7 7. Qe2 Ne4 8. O-O-O d6 9. h3 Bf6 10. g4 Qe7 11. Rhg1 g5 12. Bh2 Nd7 13. gxf5 exf5 14. Ne1 O-O-O 15. f3 Nxd2 16. Rxd2 Rde8 17. Ng2 f4 18. e4 Bxd4 19. Rgd1 Bf6 20. Ba6 Qe5 21. Bxb7+ Kxb7 22. c3 Qe6 23. Kb1 Qxh3 24. Bg1 Ne5 25. Bd4 Rhf8 26. Bxe5 Bxe5 27. Ne1 g4 28. fxg4 Rg8 29. Nf3 Rxg4 30. Nxe5 Rxe5 31. Rd3 Qg2 32. Qe1 Rxe4 0-1

[Event "Ste-Foy 6 2024-25"]
[Site "Ste-Foy CAN"]
[Date "2025.07.07"]
[Round "1"]
[White "Oliver, Vance"]
[Black "Bourassa, Samuel"]
[Result "0-1"]
[WhiteElo "1391"]
[BlackElo "2011"]
[WhiteFideId "-1"]
[WhiteFideId "-1"]
[PlyCount "50"]
[GameId "2197727235102848"]
[EventDate "2025.07.07"]
[EventType "swiss"]
[EventRounds "5"]
[EventCountry "CAN"]
[TimeControl "5400+30"]

1. e4 c5 2. Nf3 d6 3. d4 cxd4 4. Nxd4 Nf6 5. Nc3 g6 6. Be2 Bg7 7. Be3 O-O 8. O-O Nc6 9. Qd2 Bd7 10. Rad1 Rc8 11. f3 a6 12. Bh6 Nxd4 13. Bxg7 Nxe2+ 14. Nxe2 Kxg7 15. Nd4 Qb6 16. Kh1 Qxb2 17. Rb1 Qxa2 18. Rfc1 Rc7 19. Ra1 Qc4 20. c3 Rd8 21. Rab1 a5 22. h3 e5 23. Ne2 Bc6 24. g4 Nxe4 25. Qe3 Qxe2 0-1

[Event "Ste-Foy 6 2024-25"]
[Site "Ste-Foy CAN"]
[Date "2025.07.07"]
[Round "1"]
[White "Pepin, Pierre-Luc"]
[Black "Sarra-Bournet, Marc"]
[Result "0-1"]
[WhiteElo "1189"]
[BlackElo "1760"]
[WhiteFideId "-1"]
[WhiteFideId "-1"]
[PlyCount "68"]
[GameId "2197727507245208"]
[EventDate "2025.07.07"]
[EventType "swiss"]
[EventRounds "5"]
[EventCountry "CAN"]
[TimeControl "5400+30"]

1. d4 d5 2. c4 e6 3. e3 Nf6 4. a3 Be7 5. Nc3 O-O 6. Nf3 b6 7. b4 c5 8. dxc5 bxc5 9. bxc5 Bxc5 10. cxd5 exd5 11. Be2 Bf5 12. O-O Nc6 13. Bd3 Bxd3 14. Qxd3 Bd6 15. Rd1 Ne5 16. Nxe5 Bxe5 17. Bb2 Rb8 18. Rab1 Qa5 19. f4 Rxb2 20. fxe5 Rxb1 21. Nxb1 Ng4 22. Qxd5 Qxd5 23. Rxd5 Nxe3 24. Ra5 Ra8 25. a4 Kf8 26. Kf2 Nc4 27. Rc5 Nb6 28. a5 Nd7 29. Rd5 Ke7 30. Ke3 Rb8 31. Nd2 Rb4 32. Kd3 Ke6 33. Rd6+ Ke7 34. Ne4 Nxe5+ 0-1

[Event "Ste-Foy 6 2024-25"]
[Site "Ste-Foy CAN"]
[Date "2025.07.07"]
[Round "1"]
[White "Pinsonneault, Sebastien"]
[Black "Arias Vitela, Derek"]
[Result "1-0"]
[WhiteElo "1621"]
[BlackElo "1089"]
[WhiteFideId "-1"]
[WhiteFideId "-1"]
[PlyCount "81"]
[GameId "2197728003860692"]
[EventDate "2025.07.07"]
[EventType "swiss"]
[EventRounds "5"]
[EventCountry "CAN"]
[TimeControl "5400+30"]

1. d4 f5 2. c4 Nf6 3. Nc3 g6 4. Nf3 Bg7 5. e3 O-O 6. Bd3 d6 7. Qe2 Nbd7 8. Ng5 Nb8 9. c5 d5 10. Nf3 Ne4 11. O-O c6 12. Nd2 b6 13. cxb6 axb6 14. f3 Nxd2 15. Bxd2 Ba6 16. Rad1 Bxd3 17. Qxd3 e5 18. dxe5 Bxe5 19. Be1 Qd6 20. g3 Na6 21. Bf2 Nc5 22. Qc2 Qf6 23. Rd2 Rfd8 24. Rfd1 Ne6 25. Na4 b5 26. Nb6 Ra6 27. Qxc6 Rd6 28. Qc8+ Nd8 29. Qxa6 Rxb6 30. Qa8 Rb8 31. Qxd5+ Kg7 32. b3 Nf7 33. e4 Bc3 34. Rd3 b4 35. Rxc3 Kh6 36. Be3+ Kh5 37. g4+ Kh4 38. Rc7 Ng5 39. Bxg5+ Kxg5 40. Rxh7 Rd8 41. Qxd8 1-0

[Event "Ste-Foy 6 2024-25"]
[Site "Ste-Foy CAN"]
[Date "2025.07.07"]
[Round "1"]
[White "Savard, Alexandre"]
[Black "Couture, Francois"]
[Result "1-0"]
[WhiteElo "1756"]
[BlackElo "1176"]
[WhiteFideId "-1"]
[WhiteFideId "-1"]
[PlyCount "63"]
[GameId "2197727596771492"]
[EventDate "2025.07.07"]
[EventType "swiss"]
[EventRounds "5"]
[EventCountry "CAN"]
[TimeControl "5400+30"]

1. e4 c5 2. Nf3 d6 3. Bc4 Nf6 4. Nc3 Nc6 5. d4 cxd4 6. Nxd4 e5 7. Nde2 Qb6 8. Be3 Qc7 9. O-O a6 10. Nd5 Nxd5 11. Bxd5 Be7 12. c4 b5 13. cxb5 axb5 14. Rc1 Bb7 15. Qb3 O-O 16. Qxb5 Rfc8 17. b4 Ba6 18. Qxc6 Qxc6 19. Bxc6 Rab8 20. b5 Bxb5 21. Bxb5 Rxc1 22. Rxc1 Rxb5 23. Rc8+ Bf8 24. f3 f6 25. a4 Rb3 26. Kf2 Ra3 27. Ra8 Kf7 28. a5 Ke6 29. a6 Be7 30. a7 d5 31. exd5+ Kxd5 32. Re8 1-0

[Event "Ste-Foy 6 2024-25"]
[Site "Ste-Foy CAN"]
[Date "2025.07.07"]
[Round "1"]
[White "Simard, Rejean"]
[Black "Demers, Nathan"]
[Result "0-1"]
[WhiteElo "1011"]
[BlackElo "1596"]
[WhiteFideId "-1"]
[WhiteFideId "-1"]
[PlyCount "74"]
[GameId "2197728071031008"]
[EventDate "2025.07.07"]
[EventType "swiss"]
[EventRounds "5"]
[EventCountry "CAN"]
[TimeControl "5400+30"]

1. d4 Nf6 2. Nd2 d5 3. Ngf3 e6 4. e3 c5 5. c3 Nc6 6. Be2 Be7 7. O-O O-O 8. b3 b6 9. Bb2 Bb7 10. c4 Rc8 11. Rc1 Ne4 12. Nxe4 dxe4 13. Ne1 cxd4 14. exd4 Bg5 15. Rb1 Qc7 16. Nc2 Rfd8 17. Ne3 Ne7 18. Bg4 f5 19. Bh3 Bf6 20. Rc1 Nc6 21. Nxf5 exf5 22. Bxf5 Rb8 23. Be6+ Kh8 24. Bd5 Nb4 25. Qe2 Nxd5 26. cxd5 Qe7 27. Rc2 Rxd5 28. Rfc1 Rd7 29. Qg4 Rbd8 30. h3 Bxd4 31. Bxd4 Rxd4 32. Rc7 R4d7 33. Rxd7 Qxd7 34. Rc4 Qd1+ 35. Kh2 Qxg4 36. hxg4 Rd7 37. Rxe4 Bxe4 0-1

[Event "Ste-Foy 6 2024-25"]
[Site "Ste-Foy CAN"]
[Date "2025.07.07"]
[Round "1"]
[White "Tremblay, Noah"]
[Black "Aguilar Balzano, Sebastian"]
[Result "0-1"]
[WhiteElo "1726"]
[BlackElo "1157"]
[WhiteFideId "-1"]
[WhiteFideId "-1"]
[PlyCount "32"]
[GameId "2197727750228156"]
[EventDate "2025.07.07"]
[EventType "swiss"]
[EventRounds "5"]
[EventCountry "CAN"]
[TimeControl "5400+30"]

1. e4 e6 2. d4 d5 3. Nd2 Nf6 4. e5 Nfd7 5. Bd3 c5 6. c3 Nc6 7. Ne2 Qb6 8. Nf3 Be7 9. O-O O-O 10. Qc2 h6 11. Nf4 cxd4 12. cxd4 Nxd4 13. Nxd4 Qxd4 14. Re1 Qc5 15. Bh7+ Kh8 16. Ng6+ fxg6 0-1

[Event "Ste-Foy 6 2024-25"]
[Site "Ste-Foy CAN"]
[Date "2025.07.07"]
[Round "1"]
[White "Vaillant, Charles-Etienne"]
[Black "Wafer, Jacques"]
[Result "1-0"]
[WhiteElo "1899"]
[BlackElo "1356"]
[WhiteFideId "-1"]
[WhiteFideId "-1"]
[PlyCount "51"]
[GameId "2197725824090783"]
[EventDate "2025.07.07"]
[EventType "swiss"]
[EventRounds "5"]
[EventCountry "CAN"]

1. c4 Nf6 2. Nc3 e6 3. e4 d6 4. d4 Be7 5. Be2 d5 6. e5 Ne4 7. Nf3 Nxc3 8. bxc3 dxc4 9. Bxc4 c6 10. O-O b5 11. Bd3 Ba6 12. Qe2 Nd7 13. a4 Qb6 14. Bg5 Bxg5 15. Nxg5 h6 16. Ne4 O-O 17. Rfb1 f6 18. axb5 cxb5 19. exf6 Nxf6 20. Nc5 Nd5 21. Qe1 Bc8 22. Bxb5 Qd8 23. Bc6 Qg5 24. Bxa8 e5 25. Bxd5+ Kh8 26. Qxe5 1-0

[Event "Ste-Foy 6 2024-25"]
[Site "Ste-Foy CAN"]
[Date "2025.07.07"]
[Round "2"]
[White "Bourassa, Samuel"]
[Black "Savard, Alexandre"]
[Result "1-0"]
[WhiteElo "2011"]
[BlackElo "1756"]
[WhiteFideId "-1"]
[WhiteFideId "-1"]
[PlyCount "73"]
[GameId "2201102213480468"]
[EventDate "2025.07.07"]
[EventType "swiss"]
[EventRounds "5"]
[EventCountry "CAN"]

1. e4 c5 2. Nc3 d6 3. g3 Nc6 4. Bg2 g6 5. f4 Bg7 6. Nf3 Nd4 7. h3 e6 8. Ne2 Nxf3+ 9. Bxf3 Ne7 10. c3 Qb6 11. O-O c4+ 12. Kh2 Qa6 13. b3 d5 14. e5 f6 15. exf6 Bxf6 16. a4 Nc6 17. Ba3 Na5 18. bxc4 dxc4 19. Rb1 Bd7 20. Nd4 Bxd4 21. cxd4 O-O-O 22. d5 exd5 23. Bxd5 Bc6 24. Bxc6 Qxc6 25. d4 Nb3 26. Bb2 Qxa4 27. d5 Qd7 28. Bxh8 Rxh8 29. Re1 Rd8 30. Re5 b5 31. Qc2 Kb7 32. Rd1 Qd6 33. Re6 Qc5 34. d6 Nd4 35. Qe4+ Nc6 36. d7 Qf2+ 37. Kh1 1-0

[Event "Ste-Foy 6 2024-25"]
[Site "Ste-Foy CAN"]
[Date "2025.07.07"]
[Round "2"]
[White "Demers, Nathan"]
[Black "Vaillant, Charles-Etienne"]
[Result "0-1"]
[WhiteElo "1596"]
[BlackElo "1884"]
[WhiteFideId "-1"]
[WhiteFideId "-1"]
[PlyCount "88"]
[GameId "2201102213550103"]
[EventDate "2025.07.07"]
[EventType "swiss"]
[EventRounds "5"]
[EventCountry "CAN"]

1. e4 c5 2. Nf3 e6 3. d4 cxd4 4. Nxd4 Nf6 5. Nc3 Nc6 6. Be2 Bb4 7. Nxc6 bxc6 8. O-O Bxc3 9. bxc3 Nxe4 10. Qd4 d5 11. Qxg7 Qf6 12. Qxf6 Nxf6 13. Ba3 Ne4 14. Bh5 Ba6 15. Rfe1 Bc8 16. c4 Rg8 17. cxd5 cxd5 18. h4 Nf6 19. Re5 Rb8 20. Rae1 Rb6 21. R1e3 Ng4 22. Bxg4 Rxg4 23. Rh5 d4 24. Rb3 Bb7 25. g3 Rxb3 26. axb3 Be4 27. Rc5 Bf3 28. Rc7 Re4 29. Kf1 f5 30. Rxa7 Re2 31. b4 Rxc2 32. b5 Rd2 33. Re7+ Kd8 34. Rxe6 Rd1+ 35. Re1 Rd3 36. Bc5 Rb3 37. b6 d3 38. Be3 Rb2 39. Rc1 d2 40. Bg5+ Ke8 41. Rc8+ Kf7 42. Rc7+ Kg6 43. Bxd2 Rxd2 44. Ke1 Rd1# 0-1

[Event "Ste-Foy 6 2024-25"]
[Site "Ste-Foy CAN"]
[Date "2025.07.07"]
[Round "2"]
[White "Dube, Dominic"]
[Black "Berube, Antoine"]
[Result "0-1"]
[WhiteElo "1742"]
[BlackElo "2242"]
[WhiteFideId "-1"]
[WhiteFideId "-1"]
[PlyCount "58"]
[GameId "2201102206050323"]
[EventDate "2025.07.07"]
[EventType "swiss"]
[EventRounds "5"]
[EventCountry "CAN"]

1. e4 c5 2. Nf3 Nc6 3. d4 cxd4 4. Nxd4 e5 5. Nb5 d6 6. Be3 Nf6 7. f3 a6 8. N5c3 Be6 9. Nd2 b5 10. Bd3 Nb4 11. a3 Nxd3+ 12. cxd3 d5 13. d4 Bd6 14. O-O O-O 15. f4 Ng4 16. Nxd5 Nxe3 17. Nxe3 exf4 18. Ng4 Qb6 19. Nf2 Qxd4 20. Nf3 Qxd1 21. Nxd1 Bc5+ 22. Kh1 Bc4 23. Re1 Rfd8 24. Ne5 Bb3 25. Nc6 Rd2 26. Na5 Be6 27. b4 Bd4 28. Rc1 Kf8 29. Nc6 Rc8 0-1

[Event "Ste-Foy 6 2024-25"]
[Site "Ste-Foy CAN"]
[Date "2025.07.07"]
[Round "2"]
[White "Genest, Jean-Philippe"]
[Black "Barrera, Eduardo"]
[Result "1/2-1/2"]
[WhiteElo "1638"]
[BlackElo "1945"]
[WhiteFideId "-1"]
[WhiteFideId "-1"]
[PlyCount "82"]
[GameId "2201102213480469"]
[EventDate "2025.07.07"]
[EventType "swiss"]
[EventRounds "5"]
[EventCountry "CAN"]

1. d4 d5 2. c4 e6 3. Nf3 Nf6 4. g3 Be7 5. Bg2 O-O 6. O-O dxc4 7. Qc2 c6 8. Qxc4 b5 9. Qd3 Nbd7 10. Bg5 Bb7 11. Nc3 a6 12. Ne5 Nxe5 13. dxe5 Nd5 14. Bxe7 Qxe7 15. Ne4 c5 16. Rac1 Nb4 17. Qd6 Qxd6 18. Nxd6 Bxg2 19. Kxg2 c4 20. a3 Nd5 21. Kf3 Nb6 22. Rfd1 Ra7 23. Rd2 Nd7 24. Kf4 Nc5 25. Rdd1 Nb3 26. Rc3 Nc5 27. Ke3 Rd7 28. Rcc1 Rfd8 29. f4 Nb7 30. b3 cxb3 31. Rc3 Nxd6 32. Rxd6 Rxd6 33. exd6 b2 34. Rb3 Rxd6 35. Rxb2 g6 36. a4 Rd5 37. axb5 axb5 38. g4 Kg7 39. g5 f5 40. Rc2 Rd7 41. Rc6 Kf7 1/2-1/2